Faktory ovplyvňujúce formovanie a vývoj hospodárstva obcí v Slovenskej republike

Postavenie miestnej samosprávy v Slovenskej republike. Podstata a funkčnosť hospodárstva obce. Faktory ovplyvňujúce vývoj, funkčnosť, veľkosť a štruktúru hospodárstva obce.

Guardado en:
Detalles Bibliográficos
Autor principal: Švantnerová, Ľubica
Otros Autores: Kožiak, Radoslav, Makanová, Monika
Formato: Capítulo de libro
Lenguaje:eslovaco
Materias:
Etiquetas: Agregar Etiqueta
Sin Etiquetas, Sea el primero en etiquetar este registro!

MARC

LEADER 00000naa$a2200000$$$4500
001 0071149
005 20230929093521.0
041 0 |a slo 
044 |a CZ 
245 1 0 |a Faktory ovplyvňujúce formovanie a vývoj hospodárstva obcí v Slovenskej republike  |c Ľubica Švantnerová, Radoslav Kožiak, Monika Makanová 
520 |a Postavenie miestnej samosprávy v Slovenskej republike. Podstata a funkčnosť hospodárstva obce. Faktory ovplyvňujúce vývoj, funkčnosť, veľkosť a štruktúru hospodárstva obce. 
610 2 0 |a obce 
610 2 0 |a Slovensko 
610 2 0 |a hospodárstvo miestne 
610 2 0 |a rozvoj regionálny 
610 2 0 |a samospráva 
610 2 0 |a samospráva miestna 
100 1 |a Švantnerová, Ľubica 
700 1 |a Kožiak, Radoslav 
700 1 |a Makanová, Monika